000 00583nam a2200229Ia 4500
003 OSt
005 20220928105057.0
006 a|||||r|||| 00| 0
007 ta
008 220927b |||||||| |||| 00| 0 eng d
024 _a48005
037 _cTextual
040 _aSDCL
_cSDCL
_beng
041 _2eng
_aeng
082 _a4xN35, P6
100 _aShukla Bhanupratap
_9413613
245 0 _aKalchakra.
260 _aDelhi
_bMansi Publications.
_c2006
300 _a328p.
_ccm.
942 _h4xN35, P6
_cTEXL
_2CC
999 _c729402
_d729402